Music Quiz

Random Music or Song Quiz

[Music/Game] Know It All: Deemo ~ Book 1 Quiz Stats

 Plays Quiz not verified by Sporcle

Score 0/27 Timer 08:00
0 Plays Today
Song % Correct
Dream
89.6%
Wings of Piano
85.4%
Reflection (Mirror Night)
79.2%
Nine Point Eight
79.2%
Magnolia
79.2%
Saika
77.1%
Evolution Era
72.9%
Undo
72.9%
Jumpy Star
68.8%
YUBIKIRI-GENMAN
68.8%
Utopiosphere
66.7%
Reverse - Parallel Universe
66.7%
I Hate To Tell You
66.7%
Entrance
64.6%
Song % Correct
Platinum
62.5%
Light Pollution
60.4%
Run Go Run
60.4%
Leviathan
60.4%
Invite
60.4%
Yawning Lion
58.3%
Angelic Sphere
56.3%
Sairai
52.1%
Pulses
52.1%
Electron
47.9%
Walking by the Sea
45.8%
Untitled²
43.8%
Beyond the Stratus
41.7%

You're not logged in!

Compare scores with friends on all Sporcle quizzes.
OR
Log In

Sporcle TV

Today on Sporcle TV


Watch our educational content, quiz creation guides, and fun videos on Sporcle TV.

Show Comments

Extras

Top Quizzes Today


Score Distribution

Your Account Isn't Verified!

In order to create a playlist on Sporcle, you need to verify the email address you used during registration. Go to your Sporcle Settings to finish the process.

Report this User

Report this user for behavior that violates our Community Guidelines.

Details: